01358nam a2200361Ia 4500001001200000003000800012006001900020007001500039008004100054010001700095020002200112020002500134020001800159040002100177035002100198050002700219245011400246260006900360300003400429490003100463504004100494533015200535650001400687650002100701650002000722655002900742700001900771700002100790710001700811830002500828856012600853999001700979ebr10684329CaPaEBRm u cr cn|||||||||100915s2010 dcua sb 000 0 eng d z 2010936090 z0883851865 (pbk.) z9780883851869 (pbk.) z9780883859711 aCaPaEBRcCaPaEBR a(OCoLC)79667546614aQA614.86b.B438 2010eb04aThe beauty of fractalsh[electronic resource] :bsix different views /cedited by Denny Gulick and Jon Scott. aWashington, D.C. :bMathematical Association of America,cc2010. ax, 95 p. :bill. (some col.).1 aMAA notes series ;vno. 76 aIncludes bibliographical references. aElectronic reproduction.bPalo Alto, Calif. :cebrary,d2013.nAvailable via World Wide Web.nAccess may be limited to ebrary affiliated libraries. 0aFractals. 0aFractals in art. 0aGolden section. 7aElectronic books.2local1 aGulick, Denny.1 aScott, Jon.4edt2 aebrary, Inc. 0aMAA notes ;vno. 76.40uhttp://site.ebrary.com/lib/rucke/Doc?id=10684329zAn electronic book accessible through the World Wide Web; click to view c13641d13641